Alle Pokémon anhand von Bildern erkennen - 1 bis 500 - Statistiken

Allgemein
  • Dieses Quiz wurde 288 mal gespielt
    277 seit der letzten Aktualisierung
  • Das Durchschnittsergebnis liegt bei 213 aus 500
Antwortstatistiken
Bildquiz Antwort % Korrekt
Bisasam
99%
Bisaflor
94%
Bisaknosp
93%
Glumanda
93%
Glurak
93%
Glutexo
92%
Schiggy
92%
Turtok
89%
Raupy
87%
Schillok
86%
Taubsi
86%
Tauboss
85%
Pikachu
84%
Raichu
83%
Tauboga
82%
Rattfratz
81%
Enton
80%
Hornliu
80%
Mauzi
79%
Pummeluff
78%
Rattikarl
78%
Rettan
78%
Zubat
78%
Digda
77%
Digdri
77%
Habitak
77%
Nidoking
77%
Nidoqueen
77%
Nidoran
77%
Safcon
77%
Arbok
76%
Ibitak
76%
Smettbo
76%
Vulpix
76%
Abra
75%
Golbat
75%
Kleinstein
75%
Kokuna
75%
Machollo
75%
Onix
75%
Ponita
75%
Sandamer
75%
Sandan
75%
Bibor
74%
Kadabra
74%
Nidoran
74%
Evoli
73%
Gengar
73%
Nidorina
73%
Quapsel
73%
Ditto
72%
Garados
72%
Machomei
72%
Nebulak
72%
Pixi
72%
Simsala
72%
Voltobal
72%
Aquana
71%
Arkani
71%
Blitza
71%
Flamara
71%
Flegmon
71%
Karpador
71%
Menki
71%
Mew
71%
Myrapla
71%
Nidorino
71%
Owei
71%
Relaxo
71%
Sleima
71%
Entoron
70%
Fukano
70%
Kokowei
70%
Lapras
70%
Paras
70%
Vulnona
70%
Arktos
69%
Dragoran
69%
Goldini
69%
Kicklee
69%
Knuddeluff
69%
Magnetilo
69%
Magneton
69%
Sichlor
69%
Sterndu
69%
Tauros
69%
Dratini
68%
Georok
68%
Knofensa
68%
Zapdos
68%
Gallopa
67%
Hypno
67%
Maschock
67%
Piepi
67%
Sleimok
67%
Smogon
67%
Traumato
67%
Alpollo
66%
Lavados
66%
Mewtu
66%
Porenta
66%
Quappo
66%
Quaputzi
66%
Schlurp
66%
Smogmog
66%
Snobilikat
66%
Dodu
65%
Krabby
65%
Magmar
65%
Pantimos
65%
Parasek
65%
Aerodactyl
64%
Dodri
64%
Dragonir
64%
Duflor
64%
Lektrobal
64%
Pinsir
64%
Porygon
64%
Starmie
64%
Tangela
64%
Geowaz
63%
Knogga
63%
Muschas
63%
Nockchan
62%
Tentacha
62%
Bluzuk
61%
Chaneira
61%
Golking
61%
Rasaff
61%
Rossana
61%
Tentoxa
61%
Tragosso
61%
Elektek
60%
Giflor
60%
Seeper
60%
Austos
59%
Nachtara
59%
Pichu
59%
Rihorn
59%
Jugong
58%
Kabuto
58%
Kingler
57%
Omot
57%
Feurigel
56%
Kangama
56%
Mogelbaum
56%
Ultrigaria
56%
Hoothoot
55%
Jurob
55%
Lahmus
55%
Sarzenia
55%
Woingenau
55%
Kabutops
54%
Psiana
54%
Seemon
54%
Endivie
53%
Karnimani
53%
Ho-Oh
52%
Lugia
52%
Rizeros
52%
Togepi
52%
Amonitas
50%
Lampi
50%
Stahlos
50%
Teddiursa
50%
Voltilamm
50%
Celebi
49%
Hundemon
49%
Kramurx
49%
Sonnkern
49%
Flemmli
48%
Iksbat
48%
Miltank
48%
Natu
48%
Entei
47%
Sniebel
47%
Azumarill
46%
Griffel
46%
Hoppspross
46%
Hunduster
46%
Meganie
46%
Xatu
46%
Despotar
45%
Marill
45%
Sonnflora
45%
Suicune
45%
Togetic
45%
Wiesor
45%
Amoroso
44%
Larvitar
44%
Lorblatt
44%
Noctuh
44%
Ampharos
43%
Felino
43%
Laschoking
43%
Plusle
43%
Scherox
43%
Schwalbini
43%
Ursaring
43%
Schwalboss
42%
Tannza
42%
Trasla
42%
Wingull
42%
Dummisel
41%
Girafarig
41%
Guardevoir
41%
Hydropi
41%
Impergator
41%
Mantax
41%
Minun
41%
Pii
41%
Porygon2
41%
Schneckmag
41%
Seedraking
41%
Tornupto
41%
Wiesenior
41%
Zigzachs
41%
Blubella
40%
Elekid
40%
Heiteira
40%
Phanpy
40%
Pupitar
40%
Snubbull
40%
Waumpel
40%
Zobiris
40%
Absol
39%
Geckarbor
39%
Igelavar
39%
Lohgock
39%
Panflam
39%
Panzaeron
39%
Skorgla
39%
Webarak
39%
Yanma
39%
Botogel
38%
Lanturn
38%
Latias
38%
Latios
38%
Ledyba
38%
Magby
38%
Morlord
38%
Nasgnet
38%
Plinfa
38%
Raikou
38%
Rayquaza
38%
Skaraborn
38%
Traunfugil
38%
Tyracroc
38%
Waaty
38%
Wablu
38%
Wailord
38%
Jungglut
37%
Kirlia
37%
Kyogre
37%
Fiffyen
36%
Granbull
36%
Kapoera
36%
Keifel
36%
Lucario
36%
Magnayen
36%
Pelipper
36%
Roselia
36%
Spoink
36%
Flunkifer
35%
Groudon
35%
Icognito
35%
Sumpex
35%
Wailmer
35%
Kussilla
34%
Meditie
34%
Metagross
34%
Milotic
34%
Quiekel
34%
Regirock
34%
Sonnfel
34%
Tohaido
34%
Altaria
33%
Ariados
33%
Baldorfish
33%
Chelast
33%
Farbeagle
33%
Forstellka
33%
Gewaldro
33%
Glaziola
33%
Kapilz
33%
Ledian
33%
Loturzel
33%
Luxtra
33%
Octillery
33%
Palkia
33%
Papinella
33%
Pottrott
33%
Rotom
33%
Schmerbe
33%
Sengo
33%
Stollunior
33%
Bidiza
32%
Dialga
32%
Camerupt
31%
Corasonn
31%
Damhirplex
31%
Donphan
31%
Eneco
31%
Fluffeluff
31%
Jirachi
31%
Kindwurm
31%
Knilz
31%
Makuhita
31%
Panferno
31%
Regice
31%
Reptain
31%
Riolu
31%
Samurzel
31%
Barschwa
30%
Brutalanda
30%
Hariyama
30%
Impoleon
30%
Knakrak
30%
Libelldra
30%
Pudox
30%
Registeel
30%
Remoraid
30%
Arceus
29%
Azurill
29%
Bidifas
29%
Darkrai
29%
Formeo
29%
Frizelbliz
29%
Geradaks
29%
Hubelupf
29%
Knospi
29%
Letarking
29%
Liebiskus
29%
Lunastein
29%
Meditalis
29%
Ninjask
29%
Panpyro
29%
Papungha
29%
Perlu
29%
Quaxo
29%
Rabauz
29%
Schluppuck
29%
Schneppke
29%
Seemops
29%
Vipitis
29%
Welsar
29%
Zwirrlicht
29%
Camaub
28%
Deoxys
28%
Driftlon
28%
Giratina
28%
Haspiror
28%
Kappalores
28%
Krawumms
28%
Magcargo
28%
Magnezone
28%
Moorabbel
28%
Palimpalim
28%
Serpifeu
28%
Shuppet
28%
Staralili
28%
Stollrak
28%
Tanhel
28%
Togekiss
28%
Tropius
28%
Volbeat
28%
Blanas
27%
Bronzel
27%
Luxio
27%
Metang
27%
Pachirisu
27%
Porygon-Z
27%
Roserade
27%
Staraptor
27%
Tengulist
27%
Floink
26%
Isso
26%
Pliprin
26%
Puppance
26%
Stolloss
26%
Voltenso
26%
Bamelin
25%
Banette
25%
Chelterrar
25%
Enekoro
25%
Flurmel
25%
Glibunkel
25%
Knacklion
25%
Plaudagei
25%
Rexblisar
25%
Snibunna
25%
Victini
25%
Bronzong
24%
Bummelz
24%
Gehweier
24%
Groink
24%
Kaumalat
24%
Lombrero
24%
Maskeregen
24%
Nincada
24%
Pandiir
24%
Panekon
24%
Qurtel
24%
Regigigas
24%
Relicanth
24%
Schaloko
24%
Schlapor
24%
Sheinux
24%
Wadribie
24%
Zwirrklop
24%
Ambidiffel
23%
Elevoltek
23%
Krakeelo
23%
Mamutel
23%
Ninjatom
23%
Shnebedeck
23%
Tuska
23%
Wonneira
23%
Burmy
22%
Cresselia
22%
Draschel
22%
Firnontor
22%
Galagladi
22%
Heatran
22%
Kecleon
22%
Kikugi
22%
Krebscorps
22%
Krebutack
22%
Kryppuk
22%
Liliep
22%
Schluckwech
22%
Serpiroyal
22%
Shaymin
22%
Traunmagil
22%
Vibrava
22%
Walraisa
22%
Gastrodon
21%
Mobai
21%
Bojelin
20%
Illumise
20%
Muntier
20%
Noktuska
20%
Pantimimi
20%
Seejong
20%
Selfe
20%
Tangoloss
20%
Yanmega
20%
Anorith
19%
Burmadame
19%
Finneon
19%
Hippopotas
19%
Kanivanha
19%
Knarksel
19%
Lepumentas
19%
Magbrand
19%
Rihornior
19%
Zirpeise
19%
Zwirrfinst
19%
Aalabyss
18%
Armaldo
18%
Chelcarain
18%
Frosdedje
18%
Hippoterus
18%
Manaphy
18%
Schalellos
18%
Schilterus
18%
Skuntank
18%
Venuflibis
18%
Vesprit
18%
Honweisel
17%
Kramshef
17%
Lumineon
17%
Mamphaxo
17%
Saganabyss
17%
Skorgro
17%
Skunkapuh
17%
Tobutz
17%
Toxiquak
17%
Wielie
17%
Zirpurze
17%
Bollterus
16%
Charmian
16%
Efoserp
15%
Klingplim
15%
Koknodon
15%
Mantirps
15%
Rameidon
15%
Voluminas
15%
Ferkokel
14%
Phione
14%
Piondragi
14%
Schlurplek
14%
Pionskora
13%
Shnurgarst
13%
Flambirex
12%
Kinoso
12%
Moterpel
12%
Drifzepli
4%
Forlipurba
4%
Starabia
2%
Keine übereinstimmenden Quizze gefunden
Verteilung der Resultate
Anzahl Personen mit jedem Resultat
Perzentil nach korrekt beantworteten Fragen
Ihre Resultats-Entwicklung
Sie haben dieses Quiz seit der letzten Aktualisierung nicht gespielt